000 01097nam a2200229Ia 4500
999 _c38076
_d38076
001 4062
003 GE_BSU
005 20190927164236.0
008 181216s1987||||ge |||||||||||||| ||geo||
040 _cGE_BSU
080 _a336.1 ჩ–21
100 _aჩანტლაძე, ვასილ
_94363
245 _aფინანსების თეორიის საკითხები;
_cრედ. ვ. გამყრელიძე, თარგმ მ. ჭირაქაძემ, ც. ოქრუაშვილმა
264 _aთბ. :
_bთბილ. უნ-ტის გამ-ბა,
_c1987.
300 _a391 გვ. ;
_b22 სმ.
504 _aბიბლიოგრ. ტექსტის შენიშვნ.
653 _aფინანსების თეორია
700 _aგამყრელიძე, ვ.
_eმთარგმნელი
_94369
700 _aჭირაქაძე, მ,
_eმთარგმნელი
_94370
700 _aოქრუაშვილი, ც.
_eრედაქტორი
_94371
942 _cBK
_2udc